1667 1667 1250 1502 1526 1162 1702 1606 1501 1486 1404 1587 1133 1636 1288 1607 1921 1569 1506 1144 1715 1270 1983 1458 1776 1575 1968 1517 1093 1141 1525 1337 1021 1616 1977 1559 1068 1107 1705 1534 1511 1660 1271 1579 1330 1747 1469 1300 1990 1018 1677 1657 1406 1796 1330 1592 1438 1319 1427 1074 1620 1612 1905 1580 1828 1859 1175 1249 1279 1693 1374 1450 1535 1522 1668 1720 1417 1376 1243 1214 1554 1576 1589 1310 1871 1477 1286 1058 1697 1784 1176 1652 1835 1914 1984 1150 1201 1266 1552 BCNSPRNW ULIB Ver.6.0+V

เปลี่ยนเป็นภาษาไทย

Change to English
 แสดงรายละเอียดบรรณานุกรม
  กลับหน้าหลัก

Brief Record : Get Marc (ISO 2709) : E-mail record : QR code < ปิดหน้าต่าง
LEADER : 00000nam 2200000uu 4500
001    13399111105
003     ULIB
008    110616s||||||||th 000 0 tha d
020    9789743072956
060  4 QT260^bก279ค 2551
100 0  กฤษฎา บานชื่น
245 00 คู่มือวิ่งเพื่อสุขภาพ/^cกฤษฎา บานชื่น
250    พิมพ์ครั้งที่ 10
260    กรุงเทพฯ:^bสำนักพิมพ์หมอชาวบ้าน,^c2551
300    360:^bภาพประกอบ
650  7 การวิ่ง
650  7 การออกกำลังกาย
945    ^p330^l0^i15597
945    ^p330^l0^i15598
995    กัณชพร
999    ^aใช้งานได้ทุกระบบ
รายการนี้ยังไม่มีแท็ก
คุณยังไม่ได้ล็อกอิน คุณสามารถมีกิจกรรมร่วมกับเว็บไซต์ได้ แต่ต้องล็อกอินก่อน ::
  ล็อกอิน

รายการสื่อสารสนเทศ

ลำดับที่ ประเภท เลขเรียก/บาร์โค้ด สถานที่ สถานะ
1. วิทยาศาสตร์การแพทย์ และสุขภาพ
วิทยาศาสตร์การแพทย์ และสุขภาพ
QT260 ก279ค 2551  
  Barcode: 15597
ห้องสมุดวิทยาเขตสวรรค์ประชารักษ์
►ส่วนจัดเก็บหนังสือเก่า สปร
บนชั้น
  ขอยืม
2. วิทยาศาสตร์การแพทย์ และสุขภาพ
วิทยาศาสตร์การแพทย์ และสุขภาพ
QT260 ก279ค 2551 ฉ.2 
  Barcode: 15598
ห้องสมุดวิทยาเขตสวรรค์ประชารักษ์
►ส่วนจัดเก็บหนังสือเก่า สปร
บนชั้น
  ขอยืม

รายการใกล้เคียง
    ผู้แต่ง [กฤษฎา บานชื่น]

    หัวเรื่อง [การวิ่ง]
    หัวเรื่อง [การออกกำลังกาย]

BibComment


ยังไม่เคยถูกคอมเมนท์

คอมเมนท์ทรัพยากรรายการนี้
  คอมเมนท์: คู่มือวิ่งเพื่อสุ..


 Copyright 2026. Bcnsprnw @Library